00672nam a2200145Ia 4500008004100000245025100041260003600292260000900328300000600337650002600343650001200369856005300381999001900434952007300453170516s9999 xx 000 0 und d aCT Scans in Young People in Great Britain: Temporal and Descriptive Patterns, 1993–2002, Mark S. Pearce, Jane A. Salotti, Nicola L. Howe, Kieran McHugh, Kwang Pyo Kim, Choonsik Lee, Alan W. Craft, Amy Berrington de Gonzaléz, and Louise Parker bRadiology Research and Practice c2012 a: xRadiologic Technology xRadtech uhttps://www.hindawi.com/journals/rrp/contents/4/ c332305d332305 001040aCLbCLd2017-05-16l0r2017-05-16 00:00:00w2017-05-16yFOJ